000 00532nam a2200181Ia 4500
008 240925s9999 xx 000 0 und d
020 _a9780070702080
082 _a005.8 FOR
100 _aForouzan, Behrouz A
245 0 _aCryptography and network security
250 _a1st
260 _aNew Delhi:
_bMcGraw Hill Education (India) Private Limited
_c,2010.
300 _a371p.
_b0
_fOriginal
500 _aIncludes Index
600 _aComputer Science
650 _aComputer science, information & general works
942 _cBK
999 _c13162
_d13162